| 000 | 00644nam a2200229Ia 4500 | ||
|---|---|---|---|
| 003 | OSt | ||
| 005 | 20230602133754.0 | ||
| 008 | 210423s2008 xx 000 0 und d | ||
| 020 | _a9788184500769 | ||
| 040 | _cAL | ||
| 041 | _aeng | ||
| 082 |
_a361.3 _223 _bBHAS |
||
| 100 |
_aBHATTACHARYA (S) _9118987 |
||
| 245 | _aSocial work: psycho social and health asperts | ||
| 260 |
_aNew Delhi _bDeep and deep publication _c2008 |
||
| 300 |
_axxiii,314 _bPB |
||
| 365 |
_b280 _cINR |
||
| 650 |
_aSocial Problems & Services _9118988 |
||
| 650 |
_aSocial Work _9118989 |
||
| 906 | _aasperts ; health ; psycho ; Social ; work: | ||
| 942 |
_2ddc _cBK |
||
| 999 |
_c175666 _d175666 |
||